000 00259nam a22001097a 4500
008 170116b xxu||||| |||| 00| 0 eng d
020 _a9781416041016
041 _aeng
080 _25TH
_a618.2
245 _aVIRTUAL CLINICAL EXCURSIONS
_cLEIFER
942 _2udc
_cBK
999 _c2971
_d2971